[Event "English Online Blitz Gp2"]
[Site "chess.com INT"]
[Date "2020.05.09"]
[Round "6"]
[White "Payne, Matthew J"]
[Black "Varney, Zoe"]
[Result "0-1"]
[WhiteElo "2150"]
[BlackElo "1917"]
[WhiteFideId "417084"]
[BlackFideId "436135"]
[EventDate "2020.05.09"]
[EventType "blitz"]

1. e4 e5 2. Nf3 Nc6 3. d4 exd4 4. Nxd4 Bc5 5. Nxc6 Qf6 6. Qf3 dxc6 7. Nc3 Be6 8.
Qg3 Bd6 9. f4 Bb4 10. e5 Qg6 11. Qxg6 hxg6 12. Bd2 O-O-O 13. O-O-O Ne7 14. a3
Ba5 15. Bd3 Bxc3 16. Bxc3 Nd5 17. Bd2 Rh4 18. g3 Rh3 19. Be4 Rdh8 20. c4 Ne7 21.
Bb4 Nf5 22. g4 Ne3 23. Rd3 Bxc4 24. Rc3 Bd5 25. Bxd5 Nxd5 26. Rxh3 Rxh3 27. Bd2
Rf3 28. f5 gxf5 29. gxf5 Rxf5 30. Rg1 g6 31. Re1 Kd7 32. Bh6 Rh5 33. Bg7 Rxh2
34. Rf1 Ke6 35. Rf3 Rh7 36. Bf8 Kxe5 37. Bc5 b6 38. Bf2 f5 39. Bg3+ f4 40. Bf2
g5 41. Be1 g4 42. Rf1 Rh2 43. Rg1 Ne3 44. Bd2 Ke4 45. Bxe3 Kxe3 46. Rxg4 f3 47.
Rg8 f2 48. Re8+ Kd4 49. Rf8 Rh1+ 50. Kd2 f1=Q 0-1

[Event "English Online Blitz Gp2"]
[Site "chess.com INT"]
[Date "2020.05.09"]
[Round "6"]
[White "Rendle, Thomas E"]
[Black "Reimanis, Ritvars"]
[Result "0-1"]
[WhiteTitle "IM"]
[BlackTitle "FM"]
[WhiteElo "2365"]
[BlackElo "2421"]
[WhiteFideId "408760"]
[BlackFideId "11602988"]
[EventDate "2020.05.09"]
[EventType "blitz"]

1. f4 d6 2. Nf3 g6 3. g3 Bg7 4. Bg2 e5 5. d3 Nc6 6. Nc3 Nge7 7. O-O O-O 8. e4 f5
9. Be3 exf4 10. gxf4 fxe4 11. dxe4 Bg4 12. Qd3 Qd7 13. Rad1 Rad8 14. Rd2 Kh8 15.
a3 Qc8 16. Qc4 Be6 17. Qe2 Ng8 18. Ng5 Bg4 19. Qc4 Nh6 20. h3 Bd7 21. Nd5 Rde8
22. b4 a6 23. a4 Ne7 24. Qxc7 Nxd5 25. Qxc8 Rxc8 26. Rxd5 Rc3 27. Bd4 Bxd4+ 28.
Rxd4 Bxa4 29. Rxd6 Rxc2 30. Re6 Re8 31. Rxe8+ Bxe8 32. Rd1 Rc8 33. e5 Rb8 34. e6
Nf5 35. Rc1 h6 36. Ne4 Bc6 37. Nc5 Bxg2 38. Kxg2 Kg7 39. Kf3 b6 40. Nd7 Re8 41.
Rc7 Rxe6 42. Nc5+ Re7 43. Rxe7+ Nxe7 44. Nxa6 Kf6 45. Ke4 Ke6 46. Nc7+ Kd6 47.
Ne8+ Ke6 48. Ng7+ Kf7 0-1

[Event "English Online Blitz Gp2"]
[Site "chess.com INT"]
[Date "2020.05.09"]
[Round "6"]
[White "Chow, Samuel"]
[Black "Claridge-Hansen, William"]
[Result "1-0"]
[WhiteTitle "FM"]
[BlackTitle "FM"]
[WhiteElo "2345"]
[BlackElo "2290"]
[WhiteFideId "3202992"]
[BlackFideId "422509"]
[EventDate "2020.05.09"]
[EventType "blitz"]

1. d4 Nf6 2. c4 c5 3. d5 b5 4. Qc2 bxc4 5. e4 e6 6. Bxc4 exd5 7. exd5 d6 8. Nf3
Be7 9. O-O O-O 10. Bf4 Nbd7 11. h3 Nb6 12. Rd1 Bb7 13. Bh2 Nbxd5 14. Nc3 Nb4 15.
Qe2 Re8 16. a3 Nc6 17. Nb5 a6 18. Nxd6 Bxd6 19. Rxd6 Rxe2 20. Rxd8+ Rxd8 21.
Bxe2 Nd4 22. Nxd4 cxd4 23. Rd1 Be4 24. Bxa6 Bc2 25. Rd2 d3 26. f3 h5 27. Kf2 Kf8
28. g4 hxg4 29. hxg4 Nh7 30. Bc7 Rd7 31. Ba5 Ng5 32. Bb4+ Kg8 33. Ke3 f5 34.
gxf5 Kh7 35. Bxd3 Bxd3 36. Rxd3 Rf7 37. Rd5 g6 38. f4 Nh3 39. fxg6+ Kxg6 40.
Rd6+ Kf5 41. Rd4 Rg7 42. Rd5+ Ke6 43. Re5+ Kf6 44. Bc3 Rg3+ 45. Ke4 Nf2+ 46. Kd5
Rd3+ 47. Kc4 Kf7 48. a4 Rf3 49. f5 Ng4 50. Rc5 Ne3+ 51. Kb5 Nxf5 52. a5 Ke6 53.
a6 Nd6+ 54. Kb6 Kd7 55. Rc7+ Kd8 56. Rh7 Nc8+ 57. Kb7 Nd6+ 58. Kc6 Ne8 59. a7
Nc7 60. Rxc7 1-0

[Event "English Online Blitz Gp2"]
[Site "chess.com INT"]
[Date "2020.05.09"]
[Round "6"]
[White "Baker, Chris W"]
[Black "Nikolovski, Nikola"]
[Result "0-1"]
[WhiteTitle "IM"]
[BlackTitle "IM"]
[WhiteElo "2227"]
[BlackElo "2454"]
[WhiteFideId "401676"]
[BlackFideId "15002314"]
[EventDate "2020.05.09"]
[EventType "blitz"]

1. d4 e6 2. Nf3 f5 3. g3 Nf6 4. Bg2 Be7 5. O-O O-O 6. b3 d6 7. Bb2 Ne4 8. Nbd2
Nxd2 9. Nxd2 Bf6 10. e4 Nc6 11. exf5 exf5 12. Qc1 Nxd4 13. Re1 c6 14. Nc4 f4 15.
gxf4 Bg4 16. Bxd4 Bxd4 17. c3 Bf6 18. Qd2 d5 19. Ne5 Bf5 20. Rad1 Qb6 21. c4
dxc4 22. Nxc4 Qc5 23. Qd6 Qb5 24. Ne5 Rad8 25. Qc7 Rxd1 26. Rxd1 Bh4 27. Rd2 Qc5
28. Qd6 Bxf2+ 29. Kf1 Qxd6 30. Rxd6 Be3 31. Nd7 Bxf4 32. Rd4 Rf7 33. Nc5 Bg5 34.
Ke2 h6 35. Be4 b6 36. Bxf5 Rxf5 37. Ne4 Rf4 38. Rc4 c5 39. Nd6 Rxc4 40. Nxc4 Kf7
41. Kf3 Ke6 42. Ke4 Bf6 43. Ne3 g6 44. Nd5 Be5 45. Ne3 h5 46. h3 g5 47. a4 g4
48. hxg4 h4 0-1

[Event "English Online Blitz Gp2"]
[Site "chess.com INT"]
[Date "2020.05.09"]
[Round "6"]
[White "Paul, Nathanael"]
[Black "Quilter, Thomas A"]
[Result "0-1"]
[BlackTitle "CM"]
[WhiteElo "1993"]
[BlackElo "2162"]
[WhiteFideId "424510"]
[BlackFideId "408530"]
[EventDate "2020.05.09"]
[EventType "blitz"]

1. d4 Nf6 2. Bf4 c5 3. d5 b5 4. f3 e6 5. e4 Bb7 6. dxe6 fxe6 7. Bxb5 Be7 8. Nc3
O-O 9. Nge2 d5 10. O-O Qb6 11. Ng3 d4 12. Bxb8 Raxb8 13. e5 dxc3 14. exf6 Bxf6
15. Bc4 cxb2 16. Rb1 Ba6 17. Qe2 Bxc4 18. Qxc4 Rfd8 19. Rfe1 Rd4 20. Qb3 c4 21.
Qxb6 Rxb6 22. Ne4 Be7 23. c3 Rd3 24. Kf2 Ba3 25. Ke2 e5 26. Red1 Rxd1 27. Kxd1
Rh6 28. h3 Rg6 29. g3 Rh6 30. h4 Rc6 31. Kc2 Rc8 32. Nd2 Kf7 33. Re1 Kf6 34. Nb1
Bc5 35. Re2 Rb8 36. g4 h6 37. Re4 Bf2 38. h5 Kg5 39. Rxc4 Kh4 40. Re4 Bg3 41.
Kd3 Bf4 42. Ke2 Kg3 43. Rb4 Rxb4 44. cxb4 e4 45. fxe4 Kxg4 46. a4 Kxh5 47. Kf3
Bd6 48. b5 g5 49. a5 g4+ 50. Kg2 Bb4 51. a6 Ba5 52. Kg3 Kg5 53. e5 Bc7 54. b6
Bxb6 55. e6 Bc7+ 56. Kg2 Kf6 57. Kf2 Kxe6 58. Ke2 h5 59. Kd3 h4 60. Kc2 Be5 61.
Nd2 h3 0-1

[Event "English Online Blitz Gp2"]
[Site "chess.com INT"]
[Date "2020.05.09"]
[Round "7"]
[White "Lewis, Christopher D"]
[Black "Lazarevic, Ljubica"]
[Result "1/2-1/2"]
[WhiteElo "1834"]
[BlackElo "1480"]
[WhiteFideId "435767"]
[BlackFideId "418765"]
[EventDate "2020.05.09"]
[EventType "blitz"]

1. e4 e6 2. d4 d5 3. exd5 exd5 4. c4 c6 5. Nc3 Bd6 6. Be3 Nf6 7. c5 Bc7 8. b4
O-O 9. a3 Bf5 10. Bd3 Bxd3 11. Qxd3 Nbd7 12. Nge2 Re8 13. O-O Ne4 14. f3 Nxc3
15. Nxc3 Qh4 16. g3 Bxg3 17. hxg3 Qxg3+ 18. Kh1 Qh3+ 19. Kg1 Qg3+ 20. Kh1 Qh3+
21. Kg1 Qg3+ 1/2-1/2

[Event "English Online Blitz Gp2"]
[Site "chess.com INT"]
[Date "2020.05.09"]
[Round "7"]
[White "Walton, Alan J"]
[Black "Kalavannan, Koby"]
[Result "0-1"]
[WhiteTitle "CM"]
[BlackTitle "FM"]
[WhiteElo "2120"]
[BlackElo "2324"]
[WhiteFideId "409898"]
[BlackFideId "425753"]
[EventDate "2020.05.09"]
[EventType "blitz"]

1. d4 Nf6 2. Bg5 Ne4 3. Bf4 d5 4. f3 Nf6 5. e4 c5 6. dxc5 Nc6 7. Nc3 d4 8. e5
dxc3 9. Qxd8+ Nxd8 10. exf6 cxb2 11. fxe7 bxa1=Q+ 0-1

[Event "English Online Blitz Gp2"]
[Site "chess.com INT"]
[Date "2020.05.09"]
[Round "7"]
[White "Varney, Zoe"]
[Black "Josse, Mark"]
[Result "1-0"]
[BlackTitle "CM"]
[WhiteElo "1917"]
[BlackElo "2235"]
[WhiteFideId "436135"]
[BlackFideId "414476"]
[EventDate "2020.05.09"]
[EventType "blitz"]

1. e4 c5 2. c3 d5 3. exd5 Qxd5 4. d4 cxd4 5. cxd4 Nc6 6. Nf3 Bg4 7. Be2 e6 8.
Nc3 Bb4 9. O-O Qd6 10. Nb5 Qb8 11. d5 a6 12. dxc6 axb5 13. Qd7+ Kf8 14. Ng5 Nh6
15. Bxg4 Be7 16. Bf3 bxc6 17. Qxc6 1-0

[Event "English Online Blitz Gp2"]
[Site "chess.com INT"]
[Date "2020.05.09"]
[Round "7"]
[White "Neale, George"]
[Black "Miller, George"]
[Result "0-1"]
[WhiteElo "1734"]
[BlackElo "1815"]
[WhiteFideId "443174"]
[BlackFideId "343114090"]
[EventDate "2020.05.09"]
[EventType "blitz"]

1. d4 d5 2. c4 e5 3. dxe5 d4 4. Bd2 Nc6 5. Nf3 Nge7 6. g3 Ng6 7. Bg2 Be6 8. b3
Qd7 9. O-O O-O-O 10. e3 dxe3 11. fxe3 Ngxe5 12. Nxe5 Nxe5 13. Nc3 Qxd2 14. Qxd2
Rxd2 15. Nb5 Bc5 16. b4 Bxe3+ 17. Kh1 a6 18. Nc3 Nxc4 19. Ne4 Rd7 20. Nc5 Bxc5
21. bxc5 Ne3 0-1

[Event "English Online Blitz Gp2"]
[Site "chess.com INT"]
[Date "2020.05.09"]
[Round "7"]
[White "Mortazavi, Ali"]
[Black "Gallagher, Daniel GH"]
[Result "1-0"]
[WhiteTitle "IM"]
[WhiteElo "2333"]
[BlackElo "2205"]
[WhiteFideId "401323"]
[BlackFideId "436550"]
[EventDate "2020.05.09"]
[EventType "blitz"]

1. Nf3 Nf6 2. g3 g6 3. Bg2 Bg7 4. O-O O-O 5. d3 d6 6. e4 c5 7. e5 dxe5 8. Nxe5
Nfd7 9. Nc4 Nc6 10. Nc3 Rb8 11. a4 Nd4 12. Re1 h6 13. Bf4 Ra8 14. Nd5 Ne6 15.
Rxe6 fxe6 16. Nc7 e5 17. Ne6 Qe8 18. Be3 Rf5 19. Nc7 1-0

[Event "English Online Blitz Gp2"]
[Site "chess.com INT"]
[Date "2020.05.09"]
[Round "7"]
[White "Taylor, Adam C"]
[Black "Stepanyan, Henrik"]
[Result "1/2-1/2"]
[WhiteTitle "IM"]
[WhiteElo "2347"]
[BlackElo "2196"]
[WhiteFideId "424668"]
[BlackFideId "401030"]
[EventDate "2020.05.09"]
[EventType "blitz"]

1. d4 d5 2. c4 e6 3. Nc3 c5 4. cxd5 exd5 5. Nf3 Nc6 6. g3 Nf6 7. Bg2 Be7 8. O-O
O-O 9. Bg5 c4 10. b3 Qa5 11. Qc1 Be6 12. Bd2 Qa6 13. bxc4 Qxc4 14. Rb1 Nxd4 15.
Nxd4 Qxd4 16. Nb5 Qa4 17. Qc7 Qxa2 18. Bf4 Bd8 19. Qxb7 Bb6 20. e3 Ne4 21. Bxe4
dxe4 22. Qxe4 Qd5 23. Qxd5 Bxd5 24. Nc7 Bxc7 25. Bxc7 a5 26. Rfd1 Be6 1/2-1/2

[Event "English Online Blitz Gp2"]
[Site "chess.com INT"]
[Date "2020.05.09"]
[Round "7"]
[White "Quilter, Thomas A"]
[Black "Frostick, Clive A"]
[Result "1-0"]
[WhiteTitle "CM"]
[WhiteElo "2162"]
[BlackElo "2108"]
[WhiteFideId "408530"]
[BlackFideId "411302"]
[EventDate "2020.05.09"]
[EventType "blitz"]

1. d4 d5 2. Bf4 c5 3. e3 Nc6 4. Nf3 Nf6 5. Nbd2 Qb6 6. c4 cxd4 7. exd4 Nxd4 8.
cxd5 Nxd5 9. Nxd4 Qxd4 10. Bb5+ Bd7 11. Bxd7+ Kxd7 12. Bg3 f6 13. O-O e5 14. Qb3
Nb6 15. Rfd1 Ke8 16. Rac1 Rd8 17. Nf3 Qg4 18. Rxd8+ Kxd8 19. Bxe5 fxe5 20. Nxe5
Bd6 21. Nxg4 1-0

[Event "English Online Blitz Gp2"]
[Site "chess.com INT"]
[Date "2020.05.09"]
[Round "7"]
[White "Sygnowski, Tomasz"]
[Black "Reimanis, Ritvars"]
[Result "1-0"]
[BlackTitle "FM"]
[WhiteElo "2143"]
[BlackElo "2421"]
[WhiteFideId "1115880"]
[BlackFideId "11602988"]
[EventDate "2020.05.09"]
[EventType "blitz"]

1. e4 c5 2. Nc3 Nc6 3. Bb5 Nd4 4. Bc4 a6 5. a4 Nf6 6. Nge2 Nc6 7. O-O e6 8. d4
d5 9. exd5 exd5 10. Ba2 Be6 11. Bg5 c4 12. Nf4 Qd6 13. Bxf6 Qxf4 14. Be5 Nxe5
15. dxe5 O-O-O 16. Qe2 Bc5 17. Rab1 Bd4 18. Rfe1 Bg4 19. Qf1 Bxe5 20. g3 Qf5 21.
Nxd5 Kb8 22. Bxc4 Rd6 23. Ne3 Qg5 24. Nxg4 Bd4 25. Ne3 h5 26. h4 Qg6 27. c3 Bc5
28. Rbd1 Rf6 29. Rd5 Ba7 30. Qd3 Qh6 31. Rd8+ Kc7 32. Qd7+ Kb6 33. Nd5+ Kc5 34.
Rxh8 Qd2 35. Qe7+ Rd6 36. Qe3+ 1-0

[Event "English Online Blitz Gp2"]
[Site "chess.com INT"]
[Date "2020.05.09"]
[Round "7"]
[White "Rizvi, Nasir"]
[Black "Pein, Malcolm"]
[Result "0-1"]
[BlackTitle "IM"]
[WhiteElo "1989"]
[BlackElo "2309"]
[WhiteFideId "1800540"]
[BlackFideId "400289"]
[EventDate "2020.05.09"]
[EventType "blitz"]

1. d4 Nf6 2. Nc3 c5 3. d5 g6 4. e4 d6 5. Bb5+ Nfd7 6. Be2 Bg7 7. Nf3 O-O 8. O-O
Na6 9. a4 Nc7 10. Nd2 b6 11. Nc4 a6 12. f4 Bb7 13. Bf3 b5 14. Na5 Qb8 15. Nc6
Bxc6 16. dxc6 Nb6 17. a5 Nc4 18. e5 dxe5 19. Nd5 Rd8 20. Nxc7 Qxc7 21. Qe2 exf4
22. b3 Bxa1 23. bxc4 Bd4+ 24. Kh1 e5 25. Bd5 b4 26. g3 Rxd5 27. cxd5 Qd6 28. Qf3
f5 29. gxf4 e4 30. Qb3 Re8 31. Re1 e3 32. Qd3 Qxd5+ 33. Kg1 e2+ 0-1

[Event "English Online Blitz Gp2"]
[Site "chess.com INT"]
[Date "2020.05.09"]
[Round "7"]
[White "Badacsonyi, Frankie"]
[Black "Damodaran, Patrick"]
[Result "1-0"]
[WhiteElo "1511"]
[BlackElo "1498"]
[WhiteFideId "460400"]
[BlackFideId "465429"]
[EventDate "2020.05.09"]
[EventType "blitz"]

1. d4 Nf6 2. Bg5 e6 3. Nd2 d5 4. e3 Be7 5. Bd3 Nc6 6. c3 h6 7. Bh4 Bd7 8. f4 b6
9. Ngf3 Bc8 10. O-O Bb7 11. Ne5 Nxe5 12. fxe5 Nd7 13. Qf3 O-O 14. Bxe7 Qxe7 15.
Qh5 a6 16. Nf3 c5 17. Nh4 c4 18. Bc2 b5 19. Ng6 fxg6 20. Qxg6 Nf6 21. exf6 Rxf6
22. Rxf6 Qxf6 23. Qh7+ Kf7 24. Rf1 Qxf1+ 25. Kxf1 Rf8 26. Ke2 e5 27. Qg6+ Kg8
28. Qe6+ Kh8 29. Qxe5 Kg8 30. g4 Bc8 31. Qxd5+ Kh8 32. Qe4 Kg8 33. h4 a5 34. g5
h5 35. Qd5+ Kh8 36. g6 Bg4+ 37. Ke1 b4 38. Qxc4 bxc3 39. bxc3 a4 40. Qxa4 Bh3
41. Qb5 Bg4 42. Bd1 Bxd1 43. Kxd1 Rf1+ 44. Kd2 Rf2+ 45. Kd3 Rd2+ 46. Kxd2 Kg8
47. Qe8# 1-0

[Event "English Online Blitz Gp2"]
[Site "chess.com INT"]
[Date "2020.05.09"]
[Round "7"]
[White "Alcock, Graham P"]
[Black "Bayat, Shohreh"]
[Result "0-1"]
[BlackTitle "WFM"]
[WhiteElo "1736"]
[BlackElo "2091"]
[WhiteFideId "406325"]
[BlackFideId "12501018"]
[EventDate "2020.05.09"]
[EventType "blitz"]

1. e4 e6 2. d4 d5 3. Bd3 dxe4 4. Bxe4 Nf6 5. Bf3 Be7 6. Ne2 O-O 7. O-O Nbd7 8.
c4 c5 9. d5 Ne5 10. Nf4 Nxc4 11. Nc3 Ne5 12. dxe6 Nxf3+ 13. Qxf3 fxe6 14. Re1
Bd6 15. Nxe6 Re8 16. Qh3 Qe7 17. Bg5 Bxe6 18. Nd5 Bxh3 19. Nxe7+ Rxe7 20. Rxe7
Bxe7 21. gxh3 Nd5 22. Bxe7 Nxe7 23. Rd1 Kf7 24. Rd7 b6 25. Kg2 Ke6 26. Rd3 Rf8
27. Re3+ Kd6 28. Rd3+ Nd5 29. a3 Rf4 30. Kg3 Rd4 31. Rf3 Nf6 32. Kg2 Rd2 33. Rg3
g6 34. Rf3 Ne4 35. Rf7 Rxb2 36. Rxh7 Rxf2+ 37. Kg1 c4 38. Rxa7 c3 39. Rg7 c2 40.
Rxg6+ Kd5 0-1

[Event "English Online Blitz Gp2"]
[Site "chess.com INT"]
[Date "2020.05.09"]
[Round "7"]
[White "Williams, Simon K"]
[Black "Hunt, Adam C"]
[Result "1-0"]
[WhiteTitle "GM"]
[BlackTitle "IM"]
[WhiteElo "2464"]
[BlackElo "2398"]
[WhiteFideId "404454"]
[BlackFideId "403970"]
[EventDate "2020.05.09"]
[EventType "blitz"]

1. d4 Nf6 2. c4 g6 3. Nc3 Bg7 4. e4 O-O 5. Nge2 d6 6. Ng3 a6 7. h4 c5 8. d5 e6
9. a4 exd5 10. exd5 Nbd7 11. Be2 Ne5 12. h5 Bg4 13. f3 Bd7 14. Bg5 Qb6 15. Qd2
Qb4 16. Nce4 Nxe4 17. Nxe4 f6 18. Qxb4 cxb4 19. Bd2 a5 20. Nxd6 f5 21. hxg6 hxg6
22. Bh6 b6 23. Kf2 Rf6 24. Bxg7 Kxg7 25. Nb5 Bxb5 26. axb5 a4 27. Rhd1 Nd7 28.
d6 Kf7 29. c5 Nxc5 30. Bc4+ Ke8 31. Rh1 Kd7 32. Rh7+ Kxd6 33. Rd1+ Ke5 34. g3
Rff8 35. f4+ 1-0

[Event "English Online Blitz Gp2"]
[Site "chess.com INT"]
[Date "2020.05.09"]
[Round "7"]
[White "Harvey, Marcus R"]
[Black "Gormally, Daniel W"]
[Result "1/2-1/2"]
[WhiteTitle "FM"]
[BlackTitle "GM"]
[WhiteElo "2440"]
[BlackElo "2479"]
[WhiteFideId "400092"]
[BlackFideId "406465"]
[EventDate "2020.05.09"]
[EventType "blitz"]

1. Nf3 d5 2. d4 Nf6 3. c4 c6 4. Nc3 a6 5. cxd5 cxd5 6. Bf4 Nc6 7. e3 Bg4 8. Bd3
e6 9. h3 Bxf3 10. Qxf3 Bd6 11. Rc1 Bxf4 12. Qxf4 O-O 13. O-O Rc8 14. Bb1 Qe7 15.
Rfd1 h6 16. Ne2 Qb4 17. b3 Ne7 18. Qf3 Qa3 19. e4 Rxc1 20. Rxc1 dxe4 21. Bxe4
Nxe4 22. Qxe4 Qxa2 23. Qxb7 Qxe2 24. Qxe7 Qb2 25. Qc5 Qxb3 26. Ra1 Qb7 27. Qa5
Rc8 28. Qxa6 Rc1+ 29. Kh2 Qxa6 30. Rxa6 Rd1 31. Ra8+ Kh7 32. Rd8 Kg6 33. Kg3 Kf6
34. Rd7 Rd3+ 35. Kf4 Rxd4+ 1/2-1/2

[Event "English Online Blitz Gp2"]
[Site "chess.com INT"]
[Date "2020.05.09"]
[Round "7"]
[White "Arkell, Keith C"]
[Black "Rudd, Jack"]
[Result "1-0"]
[WhiteTitle "GM"]
[BlackTitle "IM"]
[WhiteElo "2429"]
[BlackElo "2331"]
[WhiteFideId "400270"]
[BlackFideId "405736"]
[EventDate "2020.05.09"]
[EventType "blitz"]

1. d4 Nf6 2. Nf3 e6 3. c3 c5 4. Bg5 Nc6 5. e3 b6 6. Bd3 Be7 7. Nbd2 Bb7 8. O-O
O-O 9. a3 d6 10. Qe2 Nd5 11. Bxe7 Qxe7 12. Rfe1 Rfc8 13. Ba6 Bxa6 14. Qxa6 Rab8
15. Qd3 b5 16. dxc5 dxc5 17. c4 bxc4 18. Nxc4 Nb6 19. Nfd2 Qd8 20. Qxd8+ Rxd8
21. Rac1 Kf8 22. Kf1 Ke7 23. Ke2 Rd7 24. Rc2 Nd5 25. Rec1 Rdb7 26. Ne4 Rb5 27.
g4 f5 28. gxf5 exf5 29. Ned6 Rb3 30. Nxf5+ Kf6 31. Ng3 Re8 32. Kf1 g6 33. Nd6
Rexe3 34. fxe3 Nxe3+ 35. Kf2 Nd4 36. Nde4+ Kg7 37. Rxc5 Ng4+ 38. Ke1 Rxb2 39.
Nd2 Nxh2 40. Nge4 Nhf3+ 41. Kd1 Ra2 42. Rc7+ Kh6 43. Nxf3 Nxf3 44. Rf7 Rxa3 45.
Rcc7 Kh5 46. Rxa7 Re3 47. Rxh7+ Kg4 48. Nf6+ Kg3 49. Rhe7 Rd3+ 50. Kc2 Rd2+ 51.
Kc3 Rd1 52. Ne4+ Kf4 53. Ra4 Rc1+ 54. Kb2 Rc6 55. Nd2+ Kg3 56. Re3 1-0

[Event "English Online Blitz Gp2"]
[Site "chess.com INT"]
[Date "2020.05.09"]
[Round "7"]
[White "Claridge-Hansen, William"]
[Black "Nikolovski, Nikola"]
[Result "1-0"]
[WhiteTitle "FM"]
[BlackTitle "IM"]
[WhiteElo "2290"]
[BlackElo "2454"]
[WhiteFideId "422509"]
[BlackFideId "15002314"]
[EventDate "2020.05.09"]
[EventType "blitz"]

1. c4 f5 2. g3 Nf6 3. Bg2 e6 4. d3 Be7 5. Nc3 O-O 6. e4 fxe4 7. dxe4 Nc6 8. Nge2
Bc5 9. O-O Ng4 10. Nf4 Nxf2 11. Rxf2 Bxf2+ 12. Kxf2 e5 13. Kg1 exf4 14. gxf4 d6
15. Be3 Qh4 16. Nd5 Rf7 17. f5 Ne5 18. Qe2 g6 19. Rf1 c6 20. Rf4 Qd8 21. fxg6
hxg6 22. Rxf7 Kxf7 23. Nf4 c5 24. Nd5 Be6 25. b3 Kg7 26. Qd2 Ng4 27. Bg5 Qf8 28.
Nf4 Qf7 29. h3 Ne5 30. Qxd6 Re8 31. Qxe5+ Kh7 32. Qxc5 Qd7 33. Qf2 Rf8 34. Qh4+
Kg8 35. Qh6 Kf7 36. Qxg6# 1-0

[Event "English Online Blitz Gp2"]
[Site "chess.com INT"]
[Date "2020.05.09"]
[Round "7"]
[White "Fisher, Neal"]
[Black "Waterfield, Mark"]
[Result "0-1"]
[WhiteElo "1498"]
[BlackElo "1641"]
[WhiteFideId "442100"]
[BlackFideId "464910"]
[EventDate "2020.05.09"]
[EventType "blitz"]

1. d4 d5 2. Bf4 e6 3. Nf3 Bd6 4. Bg3 Nf6 5. e3 O-O 6. c3 b6 7. Nbd2 c5 8. Qc2
Ba6 9. Bxa6 Nxa6 10. Ne5 Nb8 11. Ndf3 Ne4 12. Nd2 Nxd2 13. Kxd2 f6 14. Nf3 Qe7
15. Rae1 e5 16. dxe5 fxe5 17. Kc1 Nd7 18. h4 Nf6 19. Ng5 h6 20. Nf3 b5 21. h5 b4
22. Bh4 bxc3 23. bxc3 c4 24. Bxf6 Rxf6 25. Nh4 Ba3+ 26. Kd1 Qf7 27. f4 exf4 28.
exf4 Rxf4 29. Ng6 Rb8 30. Ne7+ Bxe7 31. Rxe7 Qxe7 32. Re1 Qf7 33. Rh1 Rf2 34.
Qc1 Rbb2 35. Qe3 Rb1+ 36. Qc1 Rxc1+ 37. Kxc1 Rf1+ 38. Rxf1 Qxf1+ 39. Kc2 Qxg2+
40. Kb1 Qe4+ 41. Kb2 Qf5 42. Ka3 Qxh5 43. Kb4 Qe5 44. Kc5 h5 45. a4 d4+ 46. Kxc4
dxc3 47. Kd3 h4 48. Kc2 h3 49. Kc1 Qe2 0-1

[Event "English Online Blitz Gp2"]
[Site "chess.com INT"]
[Date "2020.05.09"]
[Round "7"]
[White "Stoyanov, Viktor"]
[Black "Pert, Richard G"]
[Result "1-0"]
[BlackTitle "IM"]
[WhiteElo "2240"]
[BlackElo "2416"]
[WhiteFideId "450308"]
[BlackFideId "404748"]
[EventDate "2020.05.09"]
[EventType "blitz"]

1. d4 d5 2. c4 e6 3. Nf3 Nf6 4. g3 Bb4+ 5. Nbd2 O-O 6. Bg2 dxc4 7. O-O b5 8. a4
c6 9. Ne1 Nd5 10. Nc2 Na6 11. e4 Nb6 12. axb5 Bxd2 13. bxa6 Bxc1 14. Qxc1 Rb8
15. Rd1 Qe7 16. Ne3 Qb4 17. Qc3 c5 18. Rdc1 Qxc3 19. bxc3 Bd7 20. dxc5 Na4 21.
Nxc4 Nxc5 22. Rd1 Bb5 23. Ne5 Bxa6 24. Nc6 Rb7 25. Nb4 Bb5 26. e5 Rc7 27. Ra5
Bc4 28. Nc6 Nb3 29. Ra4 Bd5 30. Bxd5 exd5 31. Nb4 Rxc3 32. Nxd5 Rc2 33. Rxa7 h5
34. Rb7 Nd2 35. Ne3 Ra2 36. Kg2 Ne4 37. Rf1 Re8 38. Nc4 Rc8 39. Nd6 Nxd6 40.
exd6 Rd8 41. Rd1 Ra6 42. d7 Kf8 43. Rb5 Ke7 44. Re5+ Re6 45. Rxh5 Rxd7 46. Rxd7+
Kxd7 47. Rh7 Rg6 48. h4 Ke6 49. h5 Rg5 50. f4 Rg4 51. Kf3 f5 52. Rh8 Kf7 53. Ra8
g6 54. h6 g5 55. h7 gxf4 56. h8=Q 1-0

[Event "English Online Blitz Gp2"]
[Site "chess.com INT"]
[Date "2020.05.09"]
[Round "7"]
[White "Golding, James"]
[Black "Regan, Natasha K"]
[Result "1-0"]
[BlackTitle "WIM"]
[WhiteElo "2067"]
[BlackElo "1954"]
[WhiteFideId "427250"]
[BlackFideId "403067"]
[EventDate "2020.05.09"]
[EventType "blitz"]

1. d4 Nf6 2. c4 g6 3. Nc3 Bg7 4. e4 d6 5. f3 O-O 6. Be3 c5 7. d5 Na6 8. Qd2 Re8
9. Nge2 Nc7 10. Nc1 a6 11. a4 Bd7 12. a5 Rb8 13. Na4 Na8 14. Be2 b5 15. axb6
Nxb6 16. Nc3 a5 17. O-O a4 18. f4 Qc8 19. h3 Nh5 20. Rf3 f5 21. Rf2 Ng3 22. Bf3
Nxc4 23. Qd3 Nxb2 24. Qc2 Nc4 25. Bd2 Rb2 26. Qd3 Nxd2 27. Rxd2 Rxd2 28. Qxd2
fxe4 29. Bd1 Nf5 30. N1e2 e3 31. Qe1 e6 32. Bxa4 Bxa4 33. Rxa4 Qd7 34. dxe6 Qxe6
35. Ra7 Nd4 36. Qd1 Nxe2+ 37. Nxe2 d5 38. Qb1 d4 39. Qb7 Qf6 40. g4 d3 41. g5
Qf8 42. Ng3 e2 43. Qb3+ Kh8 44. Ra1 e1=Q+ 45. Rxe1 Rxe1+ 46. Kf2 Qe7 47. Qxd3 1-0

[Event "English Online Blitz Gp2"]
[Site "chess.com INT"]
[Date "2020.05.09"]
[Round "7"]
[White "Grieve, Harry"]
[Black "Chaplin, Peter E"]
[Result "0-1"]
[WhiteTitle "FM"]
[WhiteElo "2355"]
[BlackElo "2046"]
[WhiteFideId "426520"]
[BlackFideId "406554"]
[EventDate "2020.05.09"]
[EventType "blitz"]

1. d4 Nf6 2. Bg5 c6 3. Bxf6 gxf6 4. e3 Qb6 5. b3 d5 6. Ne2 e5 7. Nd2 Be6 8. g3
Nd7 9. Bg2 Bd6 10. c3 h5 11. h4 Bg4 12. Qc2 e4 13. c4 Bb4 14. Nf4 Be6 15. c5 Qc7
16. a3 Bxd2+ 17. Qxd2 Bg4 18. b4 a6 19. O-O Nf8 20. a4 Ng6 21. b5 Nxf4 22. exf4
axb5 23. axb5 O-O 24. b6 Qd7 25. Ra7 Rab8 26. Rfa1 Kg7 27. R1a3 Rfe8 28. Qa2 Re7
29. Re3 Rbe8 30. Ra8 Rxa8 31. Qxa8 Bh3 32. Bxh3 Qxh3 33. Qa4 Qg4 34. Kh2 Qd7 35.
Ra3 Qg4 36. Qc2 f5 37. Qd2 Kg6 38. Ra8 Kg7 39. Kg2 Qf3+ 40. Kg1 e3 41. fxe3 Rxe3
42. Qf2 Qd1+ 43. Qf1 Re1 44. Qxe1 Qxe1+ 45. Kg2 Qe4+ 46. Kh2 Qxd4 47. Rb8 Qxc5
48. Rxb7 d4 49. Rb8 Qb5 50. b7 c5 51. g4 fxg4 52. f5 Qb6 53. Kg3 Qc7+ 0-1